Half a chance / (Record no. 2639)
[ view plain ]
| 000 -LEADER | |
|---|---|
| fixed length control field | 00985nam a22002297a 4500 |
| 001 - CONTROL NUMBER | |
| control field | 2639 |
| 003 - CONTROL NUMBER IDENTIFIER | |
| control field | FISKH |
| 005 - DATE AND TIME OF LATEST TRANSACTION | |
| control field | 20240115093427.0 |
| 008 - FIXED-LENGTH DATA ELEMENTS--GENERAL INFORMATION | |
| fixed length control field | 240108b cb ||||| |||| 00| 0 eng d |
| 020 ## - INTERNATIONAL STANDARD BOOK NUMBER | |
| International Standard Book Number | 350530014661 |
| 040 ## - CATALOGING SOURCE | |
| Original cataloging agency | FISKH |
| Language of cataloging | eng |
| Transcribing agency | FISKH |
| Modifying agency | FISKH |
| 050 ## - LIBRARY OF CONGRESS CALL NUMBER | |
| Classification number | PZ7.L87734 |
| 082 ## - DEWEY DECIMAL CLASSIFICATION NUMBER | |
| Classification number | 813.6 |
| 100 ## - MAIN ENTRY--PERSONAL NAME | |
| Personal name | DRAKE, Tony |
| 245 ## - TITLE STATEMENT | |
| Title | Half a chance / |
| Statement of responsibility, etc. | Tony Drake |
| 250 ## - EDITION STATEMENT | |
| Edition statement | Reprinted 1983 |
| 260 ## - PUBLICATION, DISTRIBUTION, ETC. | |
| Place of publication, distribution, etc. | London : |
| Name of publisher, distributor, etc. | Collins, |
| Date of publication, distribution, etc. | 1982 |
| 300 ## - PHYSICAL DESCRIPTION | |
| Extent | 174 pages : |
| Dimensions | 22 cm |
| 520 ## - SUMMARY, ETC. | |
| Summary, etc. | Kasinski sang into the mike and the rest of the band, the Level Heads, joined in the chorus. It was their great moment! At last they had a gig. All those hours of rehearsals, all those set-backs, problems and disappointments, and now they were being asked for an encore! Shakes had started it: he had always wanted to play in a band, and as there was no band he could join, why not form his own? easier said than done. |
| 650 ## - SUBJECT ADDED ENTRY--TOPICAL TERM | |
| Topical term or geographic name entry element | Chorus |
| Form subdivision | Juvenile Literature |
| 942 ## - ADDED ENTRY ELEMENTS (KOHA) | |
| Source of classification or shelving scheme | Dewey Decimal Classification |
| Koha item type | Books |
| Suppress in OPAC | No |
| Withdrawn status | Lost status | Source of classification or shelving scheme | Damaged status | Not for loan | Collection | Home library | Current library | Shelving location | Date acquired | Total Checkouts | Full call number | Barcode | Date last seen | Price effective from | Koha item type |
|---|---|---|---|---|---|---|---|---|---|---|---|---|---|---|---|
| Dewey Decimal Classification | Fiction | Footprints International School Library Network Toul Kork Campus | Footprints International School Library Network Toul Kork Campus | 01/08/2024 | DRA Fic PZ7.L87734 | FIS01140 | 01/08/2024 | 01/08/2024 | Books |
